000 00546nam a2200169Ia 4500
005 20260121165315.0
008 260121s9999 xx 000 0 und d
020 _a978-81-980203-2-1
041 _amar
082 _a954.03
100 _aकुलकर्णी, नारायण
245 _aहुतात्मा रामप्रसाद बिस्मिल
250 _a1
260 _bभारतीय विचार साधना पुणे
_c2024
300 _a126
650 _aमराठी साहित्य
999 _c370021
_d370021